Computers in Business Management <An> Introduction
Salvato in:
| Autore principale: | |
|---|---|
| Natura: | Libro |
| Lingua: | inglese |
| Pubblicazione: |
Homewood
IRWIN
1985
|
| Edizione: | 4. ed. |
| Soggetti: | |
| Tags: |
Nessun Tag, puoi essere il primo ad aggiungerne!!
|
MARC
| LEADER | 00000nam a2200000 4500 | ||
|---|---|---|---|
| 001 | c009613 | ||
| 005 | 20221207074451.1 | ||
| 020 | |a 0-256-03211-4 | ||
| 041 | 0 | |a eng | |
| 044 | |a US | ||
| 245 | 1 | 0 | |a Computers in Business Management |b <An> Introduction |c James A. O`Brien |
| 250 | |a 4. ed. | ||
| 264 | 1 | |a Homewood |b IRWIN |c 1985 | |
| 300 | |a 735 s. | ||
| 610 | 2 | 0 | |a manažment |
| 610 | 2 | 0 | |a počítače |
| 610 | 2 | 0 | |a využitie počítačov |
| 610 | 2 | 0 | |a podnikanie obchodné |
| 610 | 2 | 0 | |a programy počítačové |
| 610 | 2 | 0 | |a softvér |
| 610 | 2 | 0 | |a systémy informačné |
| 100 | 1 | |a O`Brien, James A. | |